| 000 | 00484nam a2200169 i 4500 | ||
|---|---|---|---|
| 001 | 28605 | ||
| 003 | ES-MaACL | ||
| 005 | 20230906153909.0 | ||
| 007 | t| | ||
| 008 | 030117s1932 sp ||||1| spa d | ||
| 100 | 1 |
_aAzpeitia Esteban, Mateo. _924345 |
|
| 245 | 1 | 3 |
_aLa reforma agraria en España / _cMateo Azpeitia Esteban. |
| 260 |
_aMadrid : _bReus, _c1932. |
||
| 300 |
_a218 p. ; _c19 cm. |
||
| 650 |
_aReforma agraria- _zEspaña- _y1931-1939. _916720 |
||
| 852 |
_aES-MaACL _jB-13889 |
||
| 999 |
_c28605 _d28605 |
||